| 000 | 00000nam##2200000za#4500 |
| 001 | 9.634950 |
| 003 | CaOODSP |
| 005 | 20210624220026 |
| 007 | cr ||||||||||| |
| 008 | 150407|2008||||xxc|||||o f|0| 0 fre|d |
| 020 | |a978-0-662-08023-7 |
| 040 | |aCaOODSP|bfre |
| 043 | |an-cn--- |
| 086 | 1 |aEn4-84/2008F-PDF |
| 110 | 1 |aCanada. |bEnvironnement Canada. |
| 245 | 10|aDirectives pour définir les critères de fin de nettoyage des rives mazoutées suite à des déversements d'hydrocarbures |h[ressource électronique] |
| 260 | |aOttawa - Ontario : |bEnvironnement Canada |c2008. |
| 300 | |a18p.|bgraphiques, références, tableaux |
| 520 | 3 |aDonne des directives et des conseils pour choisir les critères de fin de nettoyage des rives mazoutées et en mesurer l’atteinte. |
| 590 | |a11-05-Supp|b2011-03-15 |
| 691 | 07|aDéversement de pétrole|2gcpds |
| 775 | 08|tGuidelines for selecting shoreline treatment endpoints for oil spill response |w(CaOODSP)9.690599 |
| 776 | 0#|tDirectives pour définir les critères de fin de nettoyage des rives mazoutées suite à des déversements d'hydrocarbures / |w(CaOODSP)9.684098 |
| 856 | 40|ahttp://publications.gc.ca|qPDF|s2514 Ko|uhttps://publications.gc.ca/collections/collection_2011/ec/En4-84-2008-fra.pdf |